| 000 | 01302nam0a2200349 4500 | ||
|---|---|---|---|
| 001 | RU\NLR\BIBL_A\012539350 | ||
| 005 | 20220908172425.0 | ||
| 010 |
_a978-5-90363-439-2 _9500 |
||
| 021 |
_aRU _bКН-П-21-004307 _9КН-П-21-0328 |
||
| 035 | _a(NLR Aleph) 012539350 | ||
| 035 | _a(RuMoRGB)010558199 | ||
| 090 |
_a12395634 _c12395634 |
||
| 100 | _a20210607d2020 m y0rusy50 ca | ||
| 101 | 0 |
_arus _achi |
|
| 102 | _aRU | ||
| 105 | _aach z 000zy | ||
| 181 | 0 |
_ai _baxxe |
|
| 182 | 0 | _an | |
| 200 | 1 | _aКлименков Тимофей Сергеевич. Дневник | |
| 203 |
_aТекст _bвизуальный _cнепосредственный |
||
| 210 |
_aНовосибирск _c[б. и.] _d2020 |
||
| 215 |
_a276, [1] с. _cил., факс., портр. _d21 |
||
| 300 | _aТекст на рус. и кит. яз. | ||
| 606 | 1 |
_aВеликая Отечественная война _z1941 - 1945 _jВоспоминания, записки и т.п _2nlr_sh1 _2nlr_sh2 _3RU\NLR\AUTH\668893 |
|
| 686 | 1 | _aЦ35(2)722,013 | |
| 686 | 1 | _aТ3(2)722,013 | |
| 700 | 1 |
_aКлименков _bТ. С. _f1912-1994 _gТимофей Сергеевич |
|
| 942 | _cBOOK | ||
| 980 | _aNBR | ||
| 980 | _aNB | ||